书目信息 |
| 题名: |
技术价值评估
|
|
| 作者: | 朴铉瑀 , 施利毅 , 梁龙男 著 | |
| 分册: | ||
| 出版信息: | 北京 经济管理出版社 2018.11 |
|
| 页数: | 160页 | |
| 开本: | 24cm | |
| 丛书名: | 科技创新丛书 | |
| 单 册: | ||
| 中图分类: | F062.4 | |
| 科图分类: | ||
| 主题词: | 技术--ji shu--价值--评估--研究 | |
| 电子资源: | ||
| ISBN: | 978-7-5096-6114-7 | |
| 000 | 01241nam 2200301 450 | |
| 001 | 0100010986 | |
| 005 | 20190905093952.0 | |
| 010 | @a978-7-5096-6114-7@dCNY45.00 | |
| 100 | @a20190904d2018 em y0chiy50 ea | |
| 101 | 0 | @achi |
| 102 | @aCN@b110000 | |
| 105 | @aak a 000yy | |
| 106 | @ar | |
| 200 | 1 | @a技术价值评估@Aji shu jia zhi ping gu@e理论与实践@d= Technical value assessment@etheory and practice@f朴铉瑀, 施利毅, 梁龙男著@zeng |
| 210 | @a北京@c经济管理出版社@d2018.11 | |
| 215 | @a160页@c图@d24cm | |
| 225 | 2 | @a科技创新丛书@Ake ji chuang xin cong shu |
| 320 | @a有书目 (第156-158页) | |
| 330 | @a本书所期望的技术价值评估的学习目的, 与其说是运用模型或技法掌握计算数值 (金额) 的技术, 更是为了培养如何看待有关技术商务的观点。模型或技法是已经确定的, 大部分模型或技法只要掌握一次就可以反复运用, 如果确定了必要的数值 (或者评估变数) , 绝大部分都可以自动演算出来。 | |
| 410 | 0 | @12001 @a科技创新丛书 |
| 510 | 1 | @aTechnical value assessment@etheory and practice@zeng |
| 606 | 0 | @a技术@Aji shu@x价值@x评估@x研究 |
| 690 | @aF062.4@v5 | |
| 701 | 0 | @a朴铉瑀@Apu xuan yu@4著 |
| 701 | 0 | @a施利毅@Ashi li yi@4著 |
| 701 | 0 | @a梁龙男@Aliang long nan@4著 |
| 801 | 0 | @aCN@c20190905 |
| 905 | @a河南城建学院图书馆@dF062.4@eP829 | |
| 技术价值评估:理论与实践= Technical value assessment:theory and practice/朴铉瑀, 施利毅, 梁龙男著.-北京:经济管理出版社,2018.11 |
| 160页:图;24cm.-(科技创新丛书) |
| ISBN 978-7-5096-6114-7:CNY45.00 |
| 本书所期望的技术价值评估的学习目的, 与其说是运用模型或技法掌握计算数值 (金额) 的技术, 更是为了培养如何看待有关技术商务的观点。模型或技法是已经确定的, 大部分模型或技法只要掌握一次就可以反复运用, 如果确定了必要的数值 (或者评估变数) , 绝大部分都可以自动演算出来。 |
| ● |
| 相关链接 |
|
|
|
正题名:技术价值评估
索取号:F062.4/P829
 
预约/预借
| 序号 | 登录号 | 条形码 | 馆藏地/架位号 | 状态 | 备注 |
| 1 | 1439275 | 214392753 | 社科库409/409社科库 65排1列3层/ [索取号:F062.4/P829] | 在馆 | |
| 2 | 1439276 | 214392762 | 社科库409/409社科库 65排1列3层/ [索取号:F062.4/P829] | 在馆 |